ආර්ථිකය : වානිජ විද්යා සහ ආර්ථික විද්යා ප්රසංගය
Saved in:
| Format: | Book |
|---|---|
| Language: | Sinhalese |
| Published: |
කෑගල්ල:
බණ්ඩාරනායක ද්වීතීක විද්යාලය,
1972.
|
| Tags: |
Add Tag
No Tags, Be the first to tag this record!
|
MARC
| LEADER | 00000nam a22000007a 4500 | ||
|---|---|---|---|
| 003 | LK-CoNLD | ||
| 005 | 20201020135420.0 | ||
| 008 | 201020b ||||| |||| 00| 0 sin d | ||
| 015 | |2 slnb | ||
| 017 | |b LK-CoDNA | ||
| 040 | |a LK-CoNLD |b SIN |c LK-CoNLD |d LK-CoNLD | ||
| 082 | |2 23 |q LK-CoNLD | ||
| 245 | |a ආර්ථිකය |b : වානිජ විද්යා සහ ආර්ථික විද්යා ප්රසංගය |c සංස්කරණය ධර්මරත්න මුණසිංහ විසිනි. | ||
| 260 | |9 57711 |a කෑගල්ල: |b බණ්ඩාරනායක ද්වීතීක විද්යාලය, |c 1972. | ||
| 300 | |a පි. 71; |c සෙමි. 21. |b කබැ- කාබෝක: රු. 1.75 | ||
| 942 | |c BOOK | ||
| 999 | |c 238532 |d 238532 | ||